| 000 | 00733nam a22002297a 4500 | ||
|---|---|---|---|
| 003 | URS | ||
| 005 | 20260223170358.0 | ||
| 008 | 250205b |||||||| |||| 00| 0 eng d | ||
| 020 | _a9798886263893 | ||
| 040 | _cURS | ||
| 050 | _aG 115.5 .B4625 2024 | ||
| 100 | _aBertram, Liam | ||
| 245 |
_aBasic concepts of travel and tourism / _cLiam Bertram.- |
||
| 264 |
_aUSA : _bAmerican Academic Publisher, _cc2024 |
||
| 300 |
_avii, _b308 pages; _c26 centimeters |
||
| 336 |
_2rdacontent _atext _btxt |
||
| 337 |
_2rdamedia _aunmediated _bn |
||
| 338 |
_2rdacarrier _avolume _bnc |
||
| 504 | _aIncludes bibliographical references and index. | ||
| 650 | _2Tourism management | ||
| 942 |
_2lcc _cFR _hG 155.A1 _iB4625 2024 |
||
| 999 |
_c82015 _d82014 |
||